| 000 | 01317cam a22003497a 4500 | ||
|---|---|---|---|
| 003 | CHAP | ||
| 005 | 20220329142723.0 | ||
| 008 | 030203d2002 mx a r 00110 spa d | ||
| 010 | _a86821 | ||
| 011 | _a87793 | ||
| 035 | _a98337 | ||
| 040 | _cCHAP | ||
| 090 | _aTesis | ||
| 100 | 0 | 0 |
_aAngón Torres, María del Pilar. _95811 |
| 245 | 1 | 0 |
_a"La chiquillada". El trabajo no remunerado de los niños y las niñas en el medio rural, estudio de caso en la Tierra Caliente de Michoacán _c/por María del Pilar Angón Torres |
| 260 |
_aZamora, Mich. : _bEl autor, _c2002. |
||
| 300 |
_a177 h. ; _bilus. |
||
| 502 | _aTesis (Maestro en Estudios Rurales) -- El Colegio de Michoacán A.C. Centro de Estudios Rurales | ||
| 590 |
_aALEPH _b10 _c20130110 _lUCH01 _h1451 |
||
| 590 |
_aBATCH-UPD _b10 _c20130110 _lUCH01 _h0400 |
||
| 590 |
_aBATCH-UPD _b10 _c20130110 _lUCH01 _h2009 |
||
| 590 |
_aBATCH-UPD _b10 _c20130410 _lUCH01 _h0033 |
||
| 590 |
_aBATCH-UPD _b10 _c20130914 _lUCH01 _h0332 |
||
| 590 |
_aCONVERSION _b10 _c20130109 _lUCH01 _h1348 |
||
| 650 | 1 | 4 |
_aDesarrollo de la comunidad rural _xMichoacán. _932015 |
| 650 | 1 | 4 |
_aTrabajo doméstico. _9114500 |
| 650 | 1 | 4 |
_aTrabajo infantil. _9114501 |
| 901 | _aBK | ||
| 905 | _aMayto Villalobos S. | ||
| 942 | _cTESIS | ||
| 949 |
_aTesis _bBC _cTES _d983337123 _eTS1 _h40385 _i98337 _sb |
||
| 999 |
_c86821 _d86821 |
||